000
00218nam a2200097Ia 4500
008
240331s9999 xx 000 0 und d
082
_b
CHO
100
_a
Chowdhury, A
245
0
_a
Marxiap parvaiyil ravindirar
942
_c
L
999
_c
3690
_d
3690